000 00579nam a2200229Ia 4500
003 OSt
005 20220926041910.0
006 a|||||r|||| 00| 0
007 ta
008 220923b |||||||| |||| 00| 0 eng d
037 _cGeneral Book
040 _aRTL
_cRTL
_beng
041 _2eng
_aeng
082 _aX9(D66).5.N5, J7.2
110 _aO E E C
_9245566
245 0 _aSurvey of electric power equipment
260 _c1957
650 _aElectrical
700 _aO E E C
_9245567
942 _hX9(D66).5.N5, J7.2
_cGB
_2CC
999 _c668349
_d668349